The Middle East : (Record no. 27149)
[ view plain ]
| 000 -LEADER | |
|---|---|
| fixed length control field | 00863nam a2200277 4500 |
| 001 - CONTROL NUMBER | |
| control field | 27149 |
| 003 - CONTROL NUMBER IDENTIFIER | |
| rucl marc code | BD-RjUL |
| 005 - DATE AND TIME OF LATEST TRANSACTION | |
| control field | 20211209051123.0 |
| 008 - FIXED-LENGTH DATA ELEMENTS--GENERAL INFORMATION | |
| fixed length control field | 140324s1971 enkbj b 001 0 eng |
| 020 ## - INTERNATIONAL STANDARD BOOK NUMBER | |
| International Standard Book Number | 0710072104 |
| 035 ## - SYSTEM CONTROL NUMBER | |
| System control number | (BD-RjUL)27220 |
| 040 ## - CATALOGING SOURCE | |
| Original cataloging agency | DLC |
| Transcribing agency | DLC |
| Modifying agency | BD-RjUL |
| Language of cataloging | eng |
| 041 ## - LANGUAGE CODE | |
| Language code of text/sound track or separate title | eng |
| 082 00 - DEWEY DECIMAL CLASSIFICATION NUMBER | |
| Classification number | 956 |
| Author mark and year | FIM 1971 |
| 100 1# - MAIN ENTRY--PERSONAL NAME | |
| Personal name | Fisher, Sydney Nettleton |
| Dates associated with a name | 1906-1987. |
| 9 (RLIN) | 83130 |
| 245 14 - TITLE STATEMENT | |
| Title | The Middle East : |
| Remainder of title | a history / |
| Statement of responsibility, etc. | Sydney Nettleton Fisher |
| 250 ## - EDITION STATEMENT | |
| Edition statement | 2nd ed., revised and enlarged. |
| 260 ## - PUBLICATION, DISTRIBUTION, ETC. (IMPRINT) | |
| Place of publication, distribution, etc. | London : |
| Name of publisher, distributor, etc. | Routledge and K. Paul, |
| Date of publication, distribution, etc. | 1971. |
| 300 ## - PHYSICAL DESCRIPTION | |
| Pagination | xv, 749, xxx p. : |
| Illustrations | ill.,geneal. tables, maps. ; |
| Size | 23 cm. |
| 504 ## - BIBLIOGRAPHY, ETC. NOTE | |
| Bibliography, etc | Include bibliography and index. |
| 651 #0 - SUBJECT ADDED ENTRY--GEOGRAPHIC NAME | |
| Geographic name | Middle East |
| General subdivision | History. |
| 9 (RLIN) | 83351 |
| Geographic name | Middle East |
| General subdivision | History |
| Chronological subdivision | 20th century. |
| 9 (RLIN) | 81015 |
| 942 ## - ADDED ENTRY ELEMENTS (KOHA) | |
| Source of classification or shelving scheme | Dewey Decimal Classification |
| Koha item type | Books |
| Lost status | Source of classification or shelving scheme | Damaged status | Not for loan | Collection code | Permanent Location | Current Location | Shelving location | Date acquired | Source of acquisition | Total Checkouts | Full call number | Date last seen | Copy number | Koha item type |
|---|---|---|---|---|---|---|---|---|---|---|---|---|---|---|
| Dewey Decimal Classification | Non-fiction | Central Library, University of Rajshahi | Central Library, University of Rajshahi | 06/02/1973 | Britain | 956 FIM 1971 | 24/03/2014 | C-4 | Books | |||||
| Dewey Decimal Classification | Not For Loan | Non-fiction | Central Library, University of Rajshahi | Central Library, University of Rajshahi | Reading Room | 13/01/2019 | Britain | 956 FIM 1971 | 13/01/2019 | C-1 | Books | |||
| Dewey Decimal Classification | Non-fiction | Central Library, University of Rajshahi | Central Library, University of Rajshahi | General Stacks | 30/11/2024 | 956 FIM 1971 | 30/11/2024 | C-6 | Books | |||||
| Dewey Decimal Classification | Non-fiction | Central Library, University of Rajshahi | Central Library, University of Rajshahi | General Stacks | 30/11/2024 | 956 FIM 1971 | 30/11/2024 | C-7 | Books | |||||
| Dewey Decimal Classification | Non-fiction | Central Library, University of Rajshahi | Central Library, University of Rajshahi | General Stacks | 30/11/2024 | 956 FIM 1971 | 30/11/2024 | C-8 | Books | |||||
| Dewey Decimal Classification | Non-fiction | Central Library, University of Rajshahi | Central Library, University of Rajshahi | General Stacks | 30/11/2024 | 956 FIM 1971 | 30/11/2024 | C-9 | Books | |||||
| Dewey Decimal Classification | Non-fiction | Central Library, University of Rajshahi | Central Library, University of Rajshahi | General Stacks | 30/11/2024 | 956 FIM 1971 | 30/11/2024 | C-10 | Books | |||||
| Dewey Decimal Classification | Non-fiction | Central Library, University of Rajshahi | Central Library, University of Rajshahi | General Stacks | 03/12/2024 | 956 FIM 1971 | 03/12/2024 | C-2 | Books |